00303nam a2200121Ia 45000030006000000080041000060400015000471000017000622450045000792600028001245460012001520050017001640STCL150530s9999 xx 000 0 und d aSTCLcSTCL aLinsey, A.D. aKarl Marxs capital an introductory essay bOxford universityc1925 aEnglish20220125165515.0